Philip's certificate atlas. (Запис № 536251)

МАРК-запис
000 -LEADER
fixed length control field 01098nam a2200241 a 4500
001 - CONTROL NUMBER
control field philipscertifica00lond
003 - CONTROL NUMBER IDENTIFIER
control field CaSfIA
005 - DATE AND TIME OF LATEST TRANSACTION
control field 20210118210101.0
007 - PHYSICAL DESCRIPTION FIXED FIELD--GENERAL INFORMATION
fixed length control field cr||||
008 - FIXED-LENGTH DATA ELEMENTS--GENERAL INFORMATION
fixed length control field 900420s1987 xxk | 000 ||eng|d
020 ## - INTERNATIONAL STANDARD BOOK NUMBER
International Standard Book Number 0540055212
035 ## - SYSTEM CONTROL NUMBER
System control number (UK-BiTAL)a30cde88a0294b7f9a3436dbf13d3535
035 ## - SYSTEM CONTROL NUMBER
System control number ()0540055212
040 ## - CATALOGING SOURCE
Original cataloging agency NL
Transcribing agency NL
Modifying agency UK-BiTAL
-- BIBLIOS
-- CaSfIA
245 00 - TITLE STATEMENT
Title Philip's certificate atlas.
Medium [electronic resource]
250 ## - EDITION STATEMENT
Edition statement Fourth ed.
260 ## - PUBLICATION, DISTRIBUTION, ETC. (IMPRINT)
Place of publication, distribution, etc London :
Name of publisher, distributor, etc George Philip & Son Ltd,
Date of publication, distribution, etc 1987.
506 ## - RESTRICTIONS ON ACCESS NOTE
Standardized terminology for access restriction Необхідна авторизація на https://archive.org/ (створення облікового запису безкоштовно)
506 ## - RESTRICTIONS ON ACCESS NOTE
Standardized terminology for access restriction Необхідна авторизація на https://openlibrary.org/ (створення облікового запису безкоштовно)
856 41 - ELECTRONIC LOCATION AND ACCESS
Uniform Resource Identifier <a href="http://www.archive.org/details/philipscertifica00lond">http://www.archive.org/details/philipscertifica00lond</a>
Public note Free eBook from the Internet Archive
856 42 - ELECTRONIC LOCATION AND ACCESS
Uniform Resource Identifier <a href="http://www.openlibrary.org/books/OL15059470M">http://www.openlibrary.org/books/OL15059470M</a>
Public note Additional information and access via Open Library
942 ## - ADDED ENTRY ELEMENTS (KOHA)
Koha item type ЕКнига

Немає доступних примірників.